000 00908nam a2200217 i 4500
001 94311
003 ES-MaACL
005 20251015145629.0
007 t|
008 050427s1958 sp ||||1| spa d
100 1 _aLópez de Toro, José,
_d1897-1972
_973594
245 1 0 _aPerfiles humanos de Cisneros
_b: (trayectoria de una biografía) : discurso leido, el día 9 de noviembre de 1958, en la recepción pública del... Sr. Don José López de Toro /
_cy contestación del... Sr. Don Gregorio Marañón.
260 _aMadrid :
_b[s.n.],
_c1958 (
_eTall. Gráf. Escelicer)
300 _a96 p. ;
_c25 cm.
600 1 4 _aJiménez de Cisneros, Francisco,
_d1436-1517
_966495
700 1 _aMarañón, Gregorio,
_d1887-1960
_976311
710 2 _aReal Academia de la Historia (España)
_96309
852 _aES-MaACL
_jC-51985
_bR.85568
852 _aES-MaACL
_jF-M-III-H
999 _c94311
_d94311